[Event "San Francisco TNM Summer op"]
[Site "San Francisco"]
[Date "2006.07.11"]
[Round "5"]
[White "Lupton, Stephen"]
[Black "Braden, Brian"]
[Result "1-0"]
[WhiteElo "1356"]
[BlackElo "1135"]
[PlyCount "61"]
[EventDate "2006.06.06"]
[EventType "swiss"]
[EventRounds "8"]
[EventCountry "USA"]
[SourceTitle "EXT 2007"]
[Source "ChessBase"]
[SourceDate "2006.11.23"]
[SourceVersion "1"]
[SourceVersionDate "2006.11.23"]
[SourceQuality "1"]

1. e4 e5 2. Bc4 Nf6 3. d3 Be7 4. Nc3 c6 5. Nf3 d5 6. Bb3 Bg4 7. h3 Bh5 8. g4 dxe4 9. Nxe5 exd3 10. gxh5 Qd4 11. Nxd3 0-0 12. Be3 Qh4 13. Nf4 Bb4 14. Qf3 Bd6 15. Qg3 Qxg3 16. fxg3 Re8 17. 0-0-0 Bxf4 18. Bxf4 Nxh5 19. Rhe1 Rf8 20. Bd6 Rd8 21. Re7 Na6 22. Bxf7+ Kf8 23. Rxb7+ Rxd6 24. Rxd6 Nc5 25. Rc7 Nxg3 26. Rdxc6 Nce4 27. Nxe4 Nxe4 28. Bd5 Nf6 29. Rc8+ Rxc8 30. Rxc8+ Ke7 31. Bf3 1-0

[Event "San Francisco TNM Spring op"]
[Site "San Francisco"]
[Date "2006.05.02"]
[Round "6"]
[White "Frank, Robert"]
[Black "Braden, Brian"]
[Result "1-0"]
[WhiteElo "1235"]
[BlackElo "1134"]
[PlyCount "85"]
[EventDate "2006.03.28"]
[EventType "swiss"]
[EventRounds "8"]
[EventCountry "USA"]
[SourceTitle "EXT 2007"]
[Source "ChessBase"]
[SourceDate "2006.11.23"]
[SourceVersion "1"]
[SourceVersionDate "2006.11.23"]
[SourceQuality "1"]

1. d4 d5 2. Nf3 e6 3. e3 Nf6 4. Bd3 c5 5. c3 Nc6 6. dxc5 Bxc5 7. 0-0 0-0 8. b4 Bb6 9. b5 Nb8 10. Nbd2 Nbd7 11. e4 Qc7 12. Qc2 dxe4 13. Nxe4 Nxe4 14. Bxe4 Nf6 15. Bd3 Bd7 16. Bg5 h6 17. Bxf6 gxf6 18. c4 e5 19. Rac1 Be6 20. c5 Ba5 21. a4 f5 22. Bxf5 Qc8 23. Bxe6 Qxe6 24. Qe4 Qe7 25. Qxe5 Rfe8 26. Qxe7 Rxe7 27. h4 Re4 28. Ra1 Rc8 29. Rfc1 Bb4 30. c6 bxc6 31. bxc6 Re6 32. Rc4 Ba5 33. Rac1 Bc7 34. Nd4 Re5 35. f3 Rce8 36. Kf1 Rd8 37. Nb5 Bb6 38. Nc3 Re7 39. Rd1 Rc8 40. Nd5 Re6 41. Rdc1 Bc7 42. Re1 Rd6 43. Ne7+ 1-0

[Event "San Francisco TNM Winter op"]
[Site "San Francisco"]
[Date "2006.02.28"]
[Round "7"]
[White "Braden, Brian"]
[Black "Mar, Henry"]
[Result "0-1"]
[WhiteElo "1160"]
[BlackElo "1565"]
[PlyCount "137"]
[EventDate "2006.01.10"]
[EventType "swiss"]
[EventRounds "7"]
[EventCountry "USA"]
[SourceTitle "EXT 2007"]
[Source "ChessBase"]
[SourceDate "2006.11.23"]
[SourceVersion "1"]
[SourceVersionDate "2006.11.23"]
[SourceQuality "1"]

1. e4 e6 2. d4 d5 3. e5 c5 4. Nf3 Nc6 5. Bb5 Bd7 6. Nc3 a6 7. Ba4 b5 8. Bb3 c4 9. Bxc4 bxc4 10. b3 cxb3 11. axb3 Nb4 12. 0-0 Rc8 13. Bd2 a5 14. Qe2 Qb6 15. Na4 Bxa4 16. Rxa4 Rxc2 17. Rfa1 Qa6 18. Qd1 Rc8 19. Bxb4 Bxb4 20. Rxb4 Ne7 21. Rba4 Nc6 22. Qd2 Qb5 23. Qc3 0-0 24. h3 Nxe5 25. Qxa5 Nxf3+ 26. gxf3 Qxb3 27. R4a3 Qb2 28. Rd3 Rc1+ 29. Rxc1 Qxc1+ 30. Kg2 Rc8 31. Qd2 Qxd2 32. Rxd2 Rc4 33. f4 g6 34. Kg3 Kg7 35. f3 Kf6 36. Kg4 Rc1 37. Kg3 Kf5 38. h4 Rg1+ 39. Kf2 Rh1 40. Kg3 Rc1 41. Rb2 h5 42. Rb7 Kf6 43. Rb3 Rd1 44. Rb4 Rc1 45. Rb3 Rc4 46. Rd3 Ke7 47. Rd2 Kd7 48. Kf2 Kc8 49. Ke3 Kd7 50. Kf2 Kc6 51. Ra2 Kb5 52. Rb2+ Ka4 53. Rb8 Ka3 54. Ra8+ Kb3 55. Ke3 Rc3+ 56. Ke2 Rc7 57. Kd3 Kb2 58. Rb8+ Kc1 59. Ke2 Kc2 60. Ke3 Kc3 61. Ra8 Kb4 62. Rb8+ Kc4 63. Rb1 Ra7 64. Rc1+ Kb3 65. Kd3 Kb2 66. Kd2 Ka2 67. Rc2+ Kb3 68. Kd3 Kb4 69. Rb2+ 0-1

[Event "San Francisco TNM Winter op"]
[Site "San Francisco"]
[Date "2006.01.24"]
[Round "3"]
[White "Parker, Frank"]
[Black "Braden, Brian"]
[Result "1/2-1/2"]
[WhiteElo "1835"]
[BlackElo "1160"]
[PlyCount "88"]
[EventDate "2006.01.10"]
[EventType "swiss"]
[EventRounds "7"]
[EventCountry "USA"]
[SourceTitle "EXT 2007"]
[Source "ChessBase"]
[SourceDate "2006.11.23"]
[SourceVersion "1"]
[SourceVersionDate "2006.11.23"]
[SourceQuality "1"]

1. d4 d5 2. Nf3 e6 3. c4 c6 4. e3 Nf6 5. Bd3 Be7 6. 0-0 Nbd7 7. Nc3 0-0 8. Re1 c5 9. cxd5 cxd4 10. dxe6 dxc3 11. exd7 cxb2 12. dxc8Q bxa1Q 13. Qxd8 Rfxd8 14. Qb3 Rxd3 15. Qxd3 Qxa2 16. Qb5 Qd5 17. Qb1 a5 18. e4 Qc6 19. Bf4 Bb4 20. Rc1 Qxe4 21. Qxe4 Nxe4 22. Rc7 Rd8 23. Kf1 Nc5 24. Be3 b6 25. Nd4 Ne6 26. Nxe6 fxe6 27. Bxb6 Ra8 28. Bc5 Bxc5 29. Rxc5 a4 30. Rc2 a3 31. Ra2 Kf7 32. Ke2 Kf6 33. Kd3 Ke5 34. Kc3 Kd5 35. Kb3 Kd4 36. Rd2+ Ke4 37. Ka2 g5 38. Rd7 h5 39. f3+ Ke3 40. Rg7 Kf4 41. Rf7+ Ke3 42. Rg7 Kf4 43. Rf7+ Ke3 44. Rg7 Kf4 1/2-1/2

[Event "San Francisco MI Fall op"]
[Site "San Francisco"]
[Date "2005.11.22"]
[Round "4"]
[White "Allen, Tom"]
[Black "Braden, Brian"]
[Result "1-0"]
[WhiteElo "1506"]
[BlackElo "1127"]
[PlyCount "53"]
[EventDate "2005.11.08"]
[EventType "swiss"]
[EventRounds "8"]
[EventCountry "USA"]
[SourceTitle "EXT 2007"]
[Source "ChessBase"]
[SourceDate "2006.11.23"]
[SourceVersion "1"]
[SourceVersionDate "2006.11.23"]
[SourceQuality "1"]

1. e4 e5 2. Nf3 d6 3. d4 exd4 4. Bc4 Be7 5. Qxd4 Nf6 6. 0-0 Nc6 7. Qe3 0-0 8. Nc3 Be6 9. Nd5 Qd7 10. Rd1 Ng4 11. Qe2 Nge5 12. Bb5 Bg4 13. Nxe5 Bxe2 14. Nxd7 Bxd1 15. Bxc6 bxc6 16. Nxe7+ Kh8 17. Nxf8 Rxf8 18. Nxc6 Bxc2 19. f3 a6 20. Nb4 Ba4 21. Nxa6 Rc8 22. Bf4 Bb5 23. Nb4 h6 24. a4 Ra8 25. a5 Kg8 26. Nd5 c6 27. Nc7 1-0

[Event "San Francisco MI Fall op"]
[Site "San Francisco"]
[Date "2005.11.15"]
[Round "3"]
[White "Braden, Brian"]
[Black "Brown, Nicholas"]
[Result "0-1"]
[WhiteElo "1127"]
[BlackElo "1471"]
[PlyCount "82"]
[EventDate "2005.11.08"]
[EventType "swiss"]
[EventRounds "8"]
[EventCountry "USA"]
[SourceTitle "EXT 2007"]
[Source "ChessBase"]
[SourceDate "2006.11.23"]
[SourceVersion "1"]
[SourceVersionDate "2006.11.23"]
[SourceQuality "1"]

1. d4 d5 2. Nf3 Bf5 3. Bf4 Nf6 4. Nbd2 e6 5. e3 c5 6. c3 Be7 7. Be2 0-0 8. 0-0 Nc6 9. Ne5 cxd4 10. cxd4 Bd6 11. Ndf3 Nh5 12. Nxc6 bxc6 13. Bxd6 Qxd6 14. Ne5 Nf6 15. Rc1 Rac8 16. Qa4 c5 17. Qxa7 c4 18. Qa4 Ra8 19. Qc6 Qxc6 20. Nxc6 Rxa2 21. Ne7+ Kh8 22. Nxf5 exf5 23. Bf3 Rxb2 24. Ra1 Rc8 25. Ra5 c3 26. Raa1 Ne4 27. Rfc1 g6 28. Bd1 Nxf2 29. Bc2 Ng4 30. Rab1 Nxe3 31. Bb3 Rxb1 32. Rxb1 Rb8 33. Kf2 Ng4+ 34. Kg3 Rb4 35. h3 Nf6 36. Kf4 Ne4 37. Ke3 Nd2 38. Rc1 Rxb3 39. Kd3 Ne4 40. Kc2 Rb2+ 41. Kd1 Rxg2 0-1

[Event "San Francisco Summer TNM"]
[Site "San Francisco"]
[Date "2005.06.28"]
[Round "3"]
[White "Braden, Brian"]
[Black "Bukh, Yefim"]
[Result "0-1"]
[WhiteElo "1057"]
[BlackElo "1986"]
[PlyCount "36"]
[EventDate "2005.06.14"]
[EventType "swiss"]
[EventRounds "8"]
[EventCountry "USA"]
[SourceTitle "EXT 2007"]
[Source "ChessBase"]
[SourceDate "2006.11.23"]
[SourceVersion "1"]
[SourceVersionDate "2006.11.23"]
[SourceQuality "1"]

1. e4 e5 2. Nf3 Nc6 3. Bb5 a6 4. Bxc6 dxc6 5. d3 f6 6. 0-0 Be6 7. Be3 c5 8. b3 b6 9. Nc3 Ne7 10. Qd2 Nc6 11. Qd1 Bg4 12. h3 Bh5 13. g4 Bf7 14. Ne2 Qd7 15. Bd2 h5 16. Nh2 0-0-0 17. Kg2 hxg4 18. Nxg4 Be6 0-1

[Event "San Francisco TNM Spring op"]
[Site "San Francisco"]
[Date "2005.04.12"]
[Round "3"]
[White "Braden, Brian"]
[Black "Chaves, Johnny"]
[Result "0-1"]
[WhiteElo "1054"]
[BlackElo "1760"]
[PlyCount "50"]
[EventDate "2005.03.29"]
[EventType "swiss"]
[EventRounds "9"]
[EventCountry "USA"]
[SourceTitle "EXT 2024"]
[Source "ChessBase"]
[SourceDate "2023.10.10"]
[SourceVersion "1"]
[SourceVersionDate "2023.10.10"]
[SourceQuality "1"]

1. d4 c5 2. c3 Nf6 3. Nf3 e6 4. Bf4 cxd4 5. cxd4 Bb4+ 6. Nbd2 Nc6 7. e3 Nh5 8. Bg3 Nxg3 9. fxg3 a6 10. Bd3 d5 11. 0-0 0-0 12. Rc1 f6 13. g4 e5 14. dxe5 fxe5 15. Bb1 Bxg4 16. Qc2 e4 17. a3 Bxd2 18. Nxd2 Qg5 19. Qc5 Bh3 20. Bxe4 Ne7 21. Rxf8+ Rxf8 22. Rf1 Rc8 23. Rf5 Bxf5 24. Nf3 Rxc5 25. Nxg5 dxe4 0-1